000 00860nam a2200289 i 4500
001 000048134
003 DO-SdBNP
005 20260321073644.0
007 ta
008 181120s2002 dr 000 j spa d
020 _a9993476080
040 _aDO-SdBNP
_bspa
_cBNPHU
_erda
082 4 _aRD863.44
_bB742c 2002
_222
100 1 _a Bosch, Juan,
_d1909-2001
_976555
245 1 0 _aCuentos escritos antes del exilio /
_cJuan Bosch.
250 _a16a. ed.
264 _aSanto Domingo :
_bAlfa y Omega ;
_c2002.
300 _a284 páginas ;
_c21 cm.
336 _2rdacontent
_atexto
_btxt
337 _2rdamedia
_asin mediación
_bn
338 _2rdacarrier
_avolumen
_bnc
590 _aInventariado, 2018 / DG
650 0 _aCuentos dominicanos
_9176
650 0 _aLiteratura dominicana.
_967
910 _aValidado. Control de calidad MFF
942 _2ddc
_cLBS1
999 _c47622
_d47622